Karate - Statistics

General Stats
  • This quiz has been taken 57 times
  • The average score is 3 of 33
Answer Stats
Hint Answer % Correct
front snap kick mae geri
87%
round kick mawashi geri
49%
horse stance kiba dachi
36%
belt obi
26%
forward stance zenkutsu dachi
21%
Karate student karateka
19%
bow rei
13%
focus kime
11%
high block jodan uke
9%
middle block chudan uke
6%
heel kick kakato geri
6%
low block gedan uke
4%
cat stance neko dachi
4%
attention stance fudo dachi
2%
ready stance hachiji dachi
2%
front snap kick (instep) mae ken geri
2%
round block mawashi uke
2%
up uye
2%
formal attention stance heisuko dachi
0%
methods of movement kogetti hoho
0%
front thrust kick mae kekomi
0%
forearm punch Mae Ude Ken
0%
crescent kick mikazuke geri
0%
punch away block nagashi uke
0%
split finger punch nishiken zuke
0%
standing bow rit su rei
0%
forefist punch seiken zuke
0%
down shita
0%
downward knifehand punch shuto zuke
0%
spear techiniques sojitsu
0%
diagonal horse stance soshen dachi
0%
vertical punch tate zuke
0%
side kick Yoko Sokuto Geri
0%
No matching quizzes found
Score Distribution
Percent of People with Each Score
Percentile by Number Answered
Your Score History
You have not taken this quiz